Študijný program Fakulty medzinárodných vzťahov ...
| New Title: | Sprievodca štúdiom na Fakulte medzinárodných vzťahov Ekonomickej univerzity v Bratislave |
|---|---|
| Corporate Author: | |
| Other Authors: | , , |
| Format: | Serial |
| Language: | Slovak |
| PhysicalDescription: | 7 zv. tab. 21 cm |
| Published: |
[Bratislava]
Vydavateľstvo Ekonóm
2000-2006
|
| ISBN: | 8022515809 (brož. : r. 2002/2003) 802251733X (brož. : r. 2003/2004) 8022518751 (brož. : r. 2004/2005) 8022513075 (brož. : r. 2000/2001) 8022514314 (brož. : r. 2001/2002) 8022520578 (brož. : r. 2005/2006) 8022522090 (brož. : r. 2006/2007) |
| Subjects: |
MARC
| LEADER | 00000cas a2200000 a 4500 | ||
|---|---|---|---|
| 001 | vtls001471520 | ||
| 003 | SK-MaSNL | ||
| 005 | 20260425194102.0 | ||
| 008 | 040322d20002006xo ar 0 0b0slo | ||
| 015 | |a SNBE2002/01-00299 (r. 2000/2001) |a SNBE2002/02-00809 (r. 2001/2002) |a SNBB2005/02-00575 (r. 2002/2003) | ||
| 020 | |a 8022515809 (brož. : r. 2002/2003) | ||
| 020 | |a 802251733X (brož. : r. 2003/2004) | ||
| 020 | |a 8022518751 (brož. : r. 2004/2005) | ||
| 020 | |a 8022513075 (brož. : r. 2000/2001) | ||
| 020 | |a 8022514314 (brož. : r. 2001/2002) | ||
| 020 | |a 8022520578 (brož. : r. 2005/2006) | ||
| 020 | |a 8022522090 (brož. : r. 2006/2007) | ||
| 035 | |a SNK000426823 | ||
| 040 | |a SNK |b slo |c SNK |e AACR2 | ||
| 041 | 0 | |a slo | |
| 043 | |a e-xo--- | ||
| 044 | |a xo |c SK | ||
| 072 | 7 | |a 378 |x Vysoké školy |2 konspekt | |
| 080 | |a 378.6:33 |2 2001 | ||
| 080 | |a 341.221.4 |2 2011 | ||
| 080 | |a 37.091.3 |2 2011 | ||
| 080 | |a (437.611) |2 2011 | ||
| 080 | |a (036) |2 2011 | ||
| 080 | |a (073) |2 2011 | ||
| 080 | |a (058) |2 2011 | ||
| 080 | |a 050 |2 2011 | ||
| 110 | 2 | |a Ekonomická univerzita v Bratislave. |b Fakulta medzinárodných vzťahov |9 145801 | |
| 245 | 1 | 0 | |a Študijný program Fakulty medzinárodných vzťahov ... |
| 246 | 1 | |i Názov v tiráži: |a Študijný program Fakulty medzinárodných vzťahov Ekonomickej univerzity v Bratislave | |
| 246 | 1 | 3 | |a Študijné programy Fakulty medzinárodných vzťahov ... |f 2005/2006-2006/2007 |
| 260 | |a [Bratislava] |b Vydavateľstvo Ekonóm |c 2000-2006 | ||
| 300 | |a 7 zv. |b tab. |c 21 cm | ||
| 310 | |a 1x ročne | ||
| 362 | 0 | |a 2000/2001-2006/2007 | |
| 500 | |a Súčasťou názvu je označenie akademického roku | ||
| 500 | |a Názov z obalu | ||
| 500 | |a Zostavili: 2000/2001-2004/2005, Ján Liďák ; 2000/2001-2006/2007, Elena Kordošová ; 2005/2006-2006/2007, Boris Mattoš | ||
| 650 | 0 | 7 | |a vysoké školy ekonomické |2 SNKPH |9 67405 |
| 650 | 0 | 7 | |a medzinárodné vzťahy |2 SNKPH |9 3690 |
| 650 | 0 | 7 | |a štúdium a výučba |2 SNKPH |9 3982 |
| 650 | 0 | 7 | |a Universities of economics |2 SNKPHeng |9 267333 |
| 650 | 0 | 7 | |a Internationalization |2 SNKPHeng |9 267177 |
| 650 | 0 | 7 | |a Study and teaching |2 SNKPHeng |9 265408 |
| 651 | 7 | |a Bratislava (Slovensko) |2 SNKPHgeo |9 14568 | |
| 651 | 7 | |a Bratislava (Slovakia) |2 SNKPHeng |9 171234 | |
| 655 | 7 | |a študijné programy |2 SNKPH |9 265409 | |
| 655 | 7 | |a informačné publikácie |2 SNKPH |9 70181 | |
| 655 | 7 | |a ročenky |2 SNKPH |9 57146 | |
| 655 | 7 | |a Study programs |2 SNKPHeng |9 265536 | |
| 655 | 7 | |a Information publications |2 SNKPHeng |9 265188 | |
| 655 | 7 | |a Yearbooks |2 SNKPHeng |9 120938 | |
| 700 | 1 | |a Liďák, Ján, |d 1952- |4 com |9 208079 | |
| 700 | 1 | |a Kordošová, Elena |4 com |9 44913 | |
| 700 | 1 | |a Mattoš, Boris, |d 1977- |4 com |9 217938 | |
| 785 | 0 | 0 | |t Sprievodca štúdiom na Fakulte medzinárodných vzťahov Ekonomickej univerzity v Bratislave |w vtls011842922 |
| 919 | |a 80-225-1307-5 | ||
| 919 | |a 80-225-1431-4 | ||
| 919 | |a 80-225-1580-9 | ||
| 919 | |a 80-225-1733-X | ||
| 919 | |a 80-225-1875-1 | ||
| 919 | |a 80-225-2057-8 | ||
| 919 | |a 80-225-2209-0 | ||
| 999 | |c 3604 |d 5534 | ||
| 952 | |a SNK |b SNK |y PREZ |7 0 |p 17A0416073 |o snkČSD 781/I/2002-2003 |i snkPV 190/2004 |0 0 |1 0 |4 0 |d 2004-03-22 |l 0 |r 2005-01-02 00:00:00 |w 2026-02-21 | ||
| 952 | |a SNK |b SNK |y PREZ |7 0 |p 17A0416074 |o snkČSD 781/I/2002-2003 D1 |i snkPV 191/2004 |0 0 |1 0 |4 0 |d 2004-03-22 |l 0 |r 2005-01-02 00:00:00 |w 2026-02-21 | ||
| 952 | |a SNK |b SNK |y PREZ |7 0 |p 17A0431673 |o snkČSD 781/I/2003-2004 |i snkPV 1324/2004 |0 0 |1 0 |4 0 |d 2004-09-24 |l 0 |r 2005-01-02 00:00:00 |w 2026-02-21 | ||
| 952 | |a SNK |b SNK |y PREZ |7 0 |p 17A0431674 |o snkČSD 781/I/2003-2004 D1 |i snkPV 1325/2004 |0 0 |1 0 |4 0 |d 2004-09-24 |l 0 |r 2005-01-02 00:00:00 |w 2026-02-21 | ||
| 952 | |a SNK |b SNK |y PREZ |7 0 |p 17A0431796 |o snkČSD 781/I/2004-2005 |i snkPV 1443/2004 |z Vydané v r. 2004 |0 0 |1 0 |4 0 |d 2004-10-25 |l 0 |r 2005-01-02 00:00:00 |w 2026-02-21 | ||
| 952 | |a SNK |b SNK |y PREZ |7 0 |p 17A0431797 |o snkČSD 781/I/2004-2005 D1 |i snkPV 1444/2004 |0 0 |1 0 |4 0 |d 2004-10-25 |l 0 |r 2005-01-02 00:00:00 |w 2026-02-21 | ||
| 952 | |a SNK |b SNK |y PREZ |7 0 |p 17A0502836 |o snkČSD 781/I/2006-2007 |i snk2006/20125 |8 0 |z Vydané v r. 2006 |0 0 |1 0 |4 0 |d 2006-10-06 |l 0 |r 2026-02-21 20:04:28 |w 2026-02-21 | ||
| 952 | |a SNK |b SNK |y PREZ |7 0 |p 17A0502837 |o snkČSD 781/I/2006-2007 D1 |i snk2006/20126 |8 0 |0 0 |1 0 |4 0 |d 2006-10-06 |l 0 |r 2026-02-21 20:04:28 |w 2026-02-21 | ||
| 952 | |a SNK |b SNK |y PREZ |7 0 |p 17A0502205 |o snkČSD 781/I/2005-2006 D1 |i snk2006/13281 |8 0 |0 0 |1 0 |4 0 |d 2006-06-30 |l 0 |r 2026-02-21 20:14:38 |w 2026-02-21 | ||
| 952 | |a SNK |b SNK |y PREZ |7 0 |p 17A0502204 |o snkČSD 781/I/2005-2006 |i snk2006/13279 |8 0 |z Vydané v r. 2005 |0 0 |1 0 |4 0 |d 2006-06-30 |l 0 |r 2026-02-21 20:22:13 |w 2026-02-21 | ||
| 952 | |a SNK |b SNK |y PREZ |7 0 |p 17A0298114 |o snkČSD 781/I/2000-2001 |i snkKSP 5568/2001 |0 0 |1 0 |4 0 |d 2001-04-23 |l 0 |r 2005-01-02 00:00:00 |w 2026-02-21 | ||
| 952 | |a SNK |b SNK |y PREZ |7 0 |p 17A0298115 |o snkČSD 781/I/2000-2001 D1 |i snkKSP 5569/2001 |0 0 |1 0 |4 0 |d 2001-04-23 |l 0 |r 2005-01-02 00:00:00 |w 2026-02-21 | ||
| 952 | |a SNK |b SNK |y PREZ |7 0 |p 17A0334858 |o snkČSD 781/I/2001-2002 |i snkKSP 2457/2002 |0 0 |1 0 |4 0 |d 2002-02-27 |l 0 |r 2005-01-02 00:00:00 |w 2026-02-21 | ||
| 952 | |a SNK |b SNK |y PREZ |7 0 |p 17A0334859 |o snkČSD 781/I/2001-2002 D1 |i snkKSP 2458/2002 |0 0 |1 0 |4 0 |d 2002-02-27 |l 0 |r 2005-01-02 00:00:00 |w 2026-02-21 | ||


